00978nam a2200205 a 450000100100000000500170001000800410002704000250006808200200009310000770011324500580019026000520024830000210030065000240032165000380034595201180038395201240050195201300062599900170075500001229120200929162800.0091110s1989 cu 000 f spa d aDO-SdBNPbspacBNPHU aCu863.44bM994c1 aMuzio, María del C.d1947-q(María del Carmen Muzio Zarranz),92894813aEl camafeo negro /cMaría del Carmen Muzio Zarranz. aLa Habana, (Cuba) :bCapitán San Luis,c1989. a166 p. ;c18 cm. 4aNovela cubana92316 4aLiteratura cubanaySIGLO XX99186 001050718MOaGRbGRcHDd2009-11-10iLF1l0oCu863.44 M994cp12291-10r2020-06-25w2020-06-25y1ZNo se presta 001050718MOaGRbGRcHDd2009-11-10iLF1l0oCu863.44 M994cp12291-20r2020-06-25te. 2w2020-06-25y1ZNo se presta 001054708MOaGRbGRcHDd2017-05-25iLF1l0oCu863.44 M994cp12291-30r2020-06-25te. 3w2020-06-25y4ZPréstamo en sala c11948d11948